Statistics for Countries with embassies and consulates in El Salvador

Click here to take the quiz!

General Stats

  • This quiz has been taken 25 times
  • The average score is 24 of 27

Answer Stats

Continent Country % Correct
South AmericaArgentina
100%
South AmericaUruguay
100%
EuropeFrance
95%
South AmericaPeru
95%
North AmericaMexico
95%
South AmericaVenezuela
95%
South AmericaBrazil
95%
South AmericaColombia
95%
South AmericaChile
95%
North AmericaCuba
91%
South AmericaEcuador
91%
North AmericaPanama
91%
AsiaJapan
91%
EuropeGermany
91%
North AmericaHonduras
86%
North AmericaNicaragua
86%
EuropeSpain
86%
EuropeUnited Kingdom
86%
North AmericaCosta Rica
86%
EuropeItaly
82%
North AmericaBelize
82%
North AmericaGuatemala
82%
AsiaSouth Korea
82%
AsiaTaiwan
77%
North AmericaUnited States of America
77%
EuropeVatican City
77%
AsiaQatar
55%

Score Distribution

Percentile by Number Answered

Percent of People with Each Score

Your Score History

You have not taken this quiz